Представление документа в формате RUSMARC

ПолеНазваниеЗначение
  Тип записи a
  Библиографический уровень a
001 Контрольный номер RU/CBS_UL/BASE/cc6d17550bd74bc89eeeaf5999a0782f
005 Дата корректировки 20230504155655.1
100 Данные общей обработки __
a Данные общей обработки 20230504 ||| 0rusy0189 ca
101 Язык документа 0_
a Язык текста rus
102 Страна публикации __
a Страна публикации RU
200 Заглавие и сведения об ответственности 1_
a Заглавие Как нашли и потеряли Плутон
e Сведения, относящиеся к заглавию [открытие карликовой планеты Плутон]
f Первые сведения об ответственности Ю. Соломонов
300 Общие примечания __
a Общие примечания 16+
461 Уровень набора _0
1 2000
a Все загадки мира
463 Уровень физической единицы _0
1 2000
a № 2
v С. 10-11 : фото
1 2101
d 2023
1 001RU/CBS_UL/BASE/b4d3363adeed4f9490f19009f24f307b
606 Тематические рубрики 0_
a Основная рубрика Карликовые планеты
610 Ключевые слова 0_
a Ключевые слова астрономы
610 Ключевые слова 0_
a Ключевые слова открытия планет
610 Ключевые слова 0_
a Ключевые слова планеты
610 Ключевые слова 0_
a Ключевые слова Плутон (карликовые планеты)
610 Ключевые слова 0_
a Ключевые слова малые планеты
610 Ключевые слова 0_
a Ключевые слова карликовые планеты
610 Ключевые слова 0_
a Ключевые слова Церера (карликовые планеты)
610 Ключевые слова 0_
a Ключевые слова астероиды
686 Индексы других классификаций __
2 Код системы rubbk
a Классификационный индекс 22.656
700 Автор _1
a Фамилия Соломонов
b Имя (инициалы) Ю.
801 Источник записи _0
a Страна RU
b Организация МБУК ЦБС г. Ульяновска
c Дата составления 20230504
g Правила каталогизации RCR
801 Источник записи _1
a Страна RU
b Организация МБУК ЦБС г. Ульяновска
c Дата составления 20230504
g Правила каталогизации RCR
901 Тип документа __
t Тип документа b
w Контрольный № источника RU/CBS_UL/BASE/b4d3363adeed4f9490f19009f24f307b